Justicia local : de qué modo las instituciones distribuyen bienes escasos y cargas necesarias /

Se presenta aquí un análisis sistemático de los principios y procedimientos utilizados para actuar con "equidad" en situaciones muy diversas, dentro de las instituciones en la sociedad moderna. Ejemplos empíricos e historias de casos muestran esos procedimientos para decidir, y se elabora un marco c...

全面介紹

Guardado en:
書目詳細資料
主要作者: Elster, Jon (autor)
格式: 圖書
語言:西班牙语
出版: Barcelona, España : Gedisa, 1994
叢編:(Cla-De-Ma. Hombre y Sociedad)
(Política)
主題:
標簽: 添加標簽
沒有標簽, 成為第一個標記此記錄!

MARC

LEADER 00000nam^a2200000^a^4500
001 000042795
005 20250521000000.0
009 20260310085750.686
020 |a 84-7432-543-9 
037 |a Acervo ITESO - Biblioteca 
041 |a ESP 
082 |a 306.  |b ELS 
100 |a Elster, Jon  |e (autor) 
245 1 0 |a Justicia local : de qué modo las instituciones distribuyen bienes escasos y cargas necesarias /  |c J. Elster; tr. de Elena Alterman. 
264 1 |a Barcelona, España :  |b Gedisa,  |c 1994 
300 |a 311 p. 
336 |a texto  |b txt  |2 rdacontenido 
337 |a sin mediación  |b n  |2 rdamedio 
338 |a volumen  |b nc  |2 rdasoporte 
440 1 |a (Cla-De-Ma.  |p Hombre y Sociedad) 
440 1 |a (Política) 
500 |a Traducción de: Local Justice 
520 |a Se presenta aquí un análisis sistemático de los principios y procedimientos utilizados para actuar con "equidad" en situaciones muy diversas, dentro de las instituciones en la sociedad moderna. Ejemplos empíricos e historias de casos muestran esos procedimientos para decidir, y se elabora un marco conceptual que explica por qué las instituciones realizan asignaciones decisivas de determinada manera. El autor es un teórico en el campo de la elección racional y la toma de decisiones. 
649 |a XX 
650 |a Sociología Política 
650 |a Política 
650 |a Administración Pública 
650 |a Justicia e Injusticia 
910 |a Fondo General 
920 |a Impresos - Libros 
930 |a Colección General 
905 |a 101 
901 |a 0427950100  |b IT1  |c ACC  |i 042795  |u 20250521 
902 |a https://opac.biblio.iteso.mx/vufind/Record/000042795